000 00279nam a2200109Ia 4500
008 220204s9999 xx 000 0 und d
082 _a519.218.2
_bKUE
245 0 _aProbability on branch spaces
260 _aNew York
_bMarcel Dekker
_c1978
700 _aKUELBS, James
942 _cBK
999 _c31400
_d31400